000 00965nam a2200229Ia 4500
001 10286
003 GE_BSU
008 181216s||||||||xx |||||||||||||| ||und||
040 _cGE_BSU
080 _a821.353.1.09
100 _aრურუა,ილია
245 _aჩვენი ზღვისპირეთის მესიტყვენი
245 _bქართული ლიტერატურის ისტორია და კრიტიკა
245 _cრედ.ზ.ფირცხალაიშვილი.მხატვ.რ.ლომაძე
260 _aბათუმი
260 _bსაბჭოთა აჭარა
260 _c1985
300 _a155გვ.16სმ.
653 _aქართული ლიტერატურის ისტორია და კრიტიკა
653 _aჩვენი ზღვისპირეთის მესიტყვენი
942 _cBK
999 _c43554
_d43554